Estatísticas para Países

Clique aqui para jogar o quiz

Estatísticas Gerais

  • Esse quiz foi jogado 52 vezes
  • A pontuação média é 12 de 15

Estatísticas das Respostas

HintResposta% Correto
JapãoJapan
100%
BrasilBrazil
98%
InglaterraEngland
94%
Nova ZelândiaNew Zealand
94%
PortugalPortugal
94%
FinlândiaFinland
86%
CroáciaCroatia
82%
GréciaGreece
80%
IrlandaIreland
76%
SuéciaSweden
76%
DinamarcaDenmark
74%
HungriaHungary
72%
MarrocosMorocco
52%
LituâniaLithuania
50%
AfeganistãoAfghanistan
46%

Distribuição das Pontuações

Percentil de Números Respondidos

Porcentagem de Pessoas com Cada Pontuação

Sua Pontuação Histórica

Você não jogou esse quiz